000 01123nam0a2200313 4500
001 RU\NLR\BIBL_A\022613396
005 20251201161558.0
010 _a978-5-908000-10-9
_9300
021 _aRU
_bКН-П-25-040806
_9КН-П-25-3971
035 _a(NLR Aleph) 022613396
090 _a13471698
_c13471698
100 _a20250902d2025 u y0rusy50 ca
101 0 _arus
102 _aRU
105 _aa z 000yy
181 0 _ai3
_baxxe
182 0 _an
200 1 _aСчастье - от мечты до реальности
_fИван Скробов
203 _aТекст
_bвизуальный
_cнепосредственный
210 _aМосква
_cНаш мир
_d2025
215 _a311 с.
_cил., табл.
_d21
300 _aНа 4-й с. обл. авт.: Скробов И. С. - парапсихолог, проф.
606 1 _aЭзотерические учения
_91568890
_3RU\NLR\AUTH\66986948
686 1 _aЭ391,0
700 1 _aСкробов
_bИ. С.
_gИван Савельевич
942 _cBOOK
980 _aNB